Asymmetric functionalization of C-H bonds /

Summarizes the origin, mechanism, scope and applications of the asymmetric C-H bond functionalization reaction. Covers organocatalytic reactions and transition-metal-catalyzed reactions, as well as asymmetric C-H functionalization reactions not described in other books.

Bibliographic Details
Other Authors: You, Shu-Li (Editor)
Format: Book
Language:English
Published: Cambridge, UK : Royal Society of Chemistry, [2015]
Series:RSC catalysis series ; no. 25.
Subjects:

MARC

Tag First Indicator Second Indicator Subfields
LEADER 00000cam a2200000Ia 4500
001 in00003607021
005 20170928110446.0
008 150205t20152015enka b 001 0 eng d
020 |a 1782621024 
020 |a 9781782621027 
035 |a (OCoLC)ocn902830234 
040 |a YDXCP  |e rda  |c YDXCP  |d BDX  |d BWK  |d CDX  |d NOC  |d VMC  |d COO  |d UtOrBLW 
049 |a TXAM 
082 0 |a 541.2/24  |2 23 
090 |a QD505  |b .A892 2015 
245 0 0 |a Asymmetric functionalization of C-H bonds /  |c edited by Shu-Li You. 
246 3 |a Asymmetric functionalization of carbon-hydrogen bonds 
264 1 |a Cambridge, UK :  |b Royal Society of Chemistry,  |c [2015] 
264 4 |c ©2015 
300 |a xvii, 413 pages :  |b illustrations ;  |c 24 cm. 
336 |a text  |b txt  |2 rdacontent 
337 |a unmediated  |b n  |2 rdamedia 
338 |a volume  |b nc  |2 rdacarrier 
490 1 |a RSC catalysis series ;  |v no. 25 
504 |a Includes bibliographical references and index. 
505 0 |a Asymmetric C-H Bond Insertion Reactions / Wen-Ting Wu, Ze-Peng Yang and Shu-Li You -- Asymmetric Cross-Dehydrogenative Coupling (CDC) Reactions / Shou-Guo Wang and Shu-Li You -- Asymmetric Oxidative Biaryl Coupling Reactions / Chao Zheng and Shu-Li You -- Asymmetric [1,5]-Hydride Transfer Reactions / Xiao-Wei Liang, Chao Zheng and Shu-Li You -- Asymmetric Functionalization of C-H Bonds via a Transient Carbon-Metal (C-M) Species / De-Wei Gao, Jun Zheng, Ke-Yin Ye, Chao Zheng and Shu-Li You -- Asymmetric Friedel-Crafts Alkylation Reactions / Qiang Kang and Shu-Li You -- N-Heterocyclic Carbene-Catalyzed Asymmetric Functionalization of Aldehyde C-H Bonds / Yi Li and Shu-Li You -- Asymmetric Hydroacylation Reactions / Qing-Long Xu and Shu-Li You -- Asymmetric Hydrovinylation Reactions / Qing-Long Xu and Shu-Li You. 
520 |a Summarizes the origin, mechanism, scope and applications of the asymmetric C-H bond functionalization reaction. Covers organocatalytic reactions and transition-metal-catalyzed reactions, as well as asymmetric C-H functionalization reactions not described in other books. 
650 0 |a Catalysis.  |0 http://id.loc.gov/authorities/subjects/sh85020938 
650 0 |a Hydrogen bonding.  |0 http://id.loc.gov/authorities/subjects/sh85063424 
650 0 |a Carbon compounds.  |0 http://id.loc.gov/authorities/subjects/sh85020102 
700 1 |a You, Shu-Li,  |e editor.  |0 http://id.loc.gov/authorities/names/no2015120003 
830 0 |a RSC catalysis series ;  |v no. 25.  |0 http://id.loc.gov/authorities/names/no2008189149 
945 |a PromptCat  |b 444572 
946 |a stk 
947 |a A14843350159 
948 |a cataloged  |b h  |c 2016/2/11  |d c  |e dmitchel  |f 12:50:40 pm 
994 |a 92  |b TXA 
999 f f |s cc900d76-84c1-3217-92fb-1cee4ced1ff5  |i 254cbee9-33c3-3b66-9a1f-aec4620342bc  |t 0 
952 f f |p normal  |a Texas A&M University  |b College Station  |c Sterling C. Evans Library  |d Evans: Library Stacks  |t 0  |e QD505 .A892 2015  |h Library of Congress classification  |i unmediated -- volume  |m A14843350159 
998 f f |a QD505 .A892 2015  |t 0  |l Evans: Library Stacks